Contemporary Caribbean: A sociological Reader /
Guardat en:
| Autor principal: | |
|---|---|
| Altres autors: | |
| Format: | Text |
| Publicat: |
Madrid:
The College Press
|
| Etiquetes: |
Afegir etiqueta
Sense etiquetes, Sigues el primer a etiquetar aquest registre!
|
MARC
| LEADER | 00000 a a2200000 04500 | ||
|---|---|---|---|
| 001 | 25281 | ||
| 003 | |||
| 040 | |||
| 090 | |a 180900 | ||
| 100 | |a Craig, Susan | ||
| 245 | |a Contemporary Caribbean: A sociological Reader / |c Susan Craig | ||
| 260 | |a Madrid: |b The College Press | ||
| 300 | |a 404 p.; vol. 1 | ||
| 700 | |a ed. | ||
| 999 | |c 8782 |d 8782 | ||
